ბათუმის შოთა რუსთაველის სახელმწიფო უნივერსიტეტის ბიბლიოთეკა

შუქურვარსკვლავი:რჩეული ლექსები და პოემები (ბიბ.ჩანაწერი № 42649)

000 -LEADER
fixed length control field 00992nam a2200229Ia 4500
001 - CONTROL NUMBER
control field 9353
003 - CONTROL NUMBER IDENTIFIER
control field GE_BSU
008 - FIXED-LENGTH DATA ELEMENTS--GENERAL INFORMATION
fixed length control field 181216s||||||||xx |||||||||||||| ||und||
040 ## - CATALOGING SOURCE
Transcribing agency GE_BSU
080 ## - UNIVERSAL DECIMAL CLASSIFICATION NUMBER
Universal Decimal Classification number 821.353.1–1+821.353.1-11
100 ## - MAIN ENTRY--PERSONAL NAME
Personal name მეგრელიშვილი,გრიგოლ
245 ## - TITLE STATEMENT
Title შუქურვარსკვლავი:რჩეული ლექსები და პოემები
245 ## - TITLE STATEMENT
Statement of responsibility, etc. შეადგინა და შესავალი დაურთო ნიკო კეცხოველმა.რედ. ან.თევზაძე,მხატვ.ა.თოდრია
260 ## - PUBLICATION, DISTRIBUTION, ETC.
Place of publication, distribution, etc. თბილისი
260 ## - PUBLICATION, DISTRIBUTION, ETC.
Name of publisher, distributor, etc. მერანი
260 ## - PUBLICATION, DISTRIBUTION, ETC.
Date of publication, distribution, etc. 1973
300 ## - PHYSICAL DESCRIPTION
Extent 79გვ.20სმ.1ფ.პორტ.21სმ.
520 ## - SUMMARY, ETC.
Summary, etc. გ.ლეონიძის ბოლოსიტყვაობით
653 ## - INDEX TERM--UNCONTROLLED
Uncontrolled term ლექსები
653 ## - INDEX TERM--UNCONTROLLED
Uncontrolled term შუქურვარსკვლავი
942 ## - ADDED ENTRY ELEMENTS (KOHA)
Koha item type წიგნი
ეგზემპლარები
Withdrawn status Lost status Damaged status Not for loan Date acquired Barcode Date last seen Price effective from Koha item type
        2018-12-17 32307 2018-12-17 2018-12-17 წიგნი
        2018-12-17 32308 2018-12-17 2018-12-17 წიგნი
        2018-12-17 32509 2018-12-17 2018-12-17 წიგნი